Culture Générale - Série 759 - Statistiques

Statistiques générales
  • Ce quiz a été pris 182 fois
  • Le résultat moyen est 7 sur 10
Statistiques - réponses
Question Réponse % Correct
Comment s'appelle le lac de plus de 8000 km², situé à la frontière du Pérou et de la Bolivie ? Titicaca
92%
Quel petit coléoptère est aussi appelé "bête à bon Dieu" ? coccinelle
88%
Dans la mythologie grecque, de quel héros Pénélope est-elle l'épouse ? Ulysse
84%
Que signifie le "S" de l'acronyme SIDA ? Syndrome
81%
Avec quel humoriste Philippe Chevallier forme-t-il un duo comique ? Régis Laspalès
79%
Complétez le titre du film réalisé en 1945 par Marcel Carné , "Les enfants du ... paradis
77%
Complétez le titre du film réalisé en 1965 par Jean-Luc Godard, "Pierrot ... le fou
76%
En 1963, avec quelle chanson Soeur Sourire a-t-elle été en tête du hit-parade américain ? Dominique
57%
Quel rocker français chante "Twist à Saint-Tropez" avec les Chats Sauvages ? Dick Rivers
53%
En 1990, pour quel film Vanessa Paradis a-t-elle reçu le prix Romy Schneider, remis aux jeunes actrices au talent prometteur ? Noce Blanche
18%
Aucun quiz correspondant
Distribution des résultats
% des personnes avec chaque résultat
Percentile par nombre de réponses
Votre historique - résultats
Vous n’avez pas pris ce quiz